Spoľahlivosť input-output multiplikátorov v databáze Wiod

V roku 2012 bola sprístupnená databáza svetových input-output tabuliek (WIOD) pokrývajúca 28 ekonomík Európskej únie, ďalších 13 veľkých svetových ekonomík a zvyšok sveta. Databáza pokrýva roky 1995 až 2009. Dôveryhodnosť databázy. Príspevok overuje predovšetkým spoľahlivosť tabuliek pre roky 2010 a...

Full description

Saved in:
Bibliographic Details
Main Author: Habrman, Michal
Format: Book Chapter
Language:Slovak
Subjects:
Tags: Add Tag
No Tags, Be the first to tag this record!

MARC

LEADER 00000nla a2200000 4500
001 0183245
005 20240502073131.5
041 0 |a slo 
044 |a SK 
245 1 0 |a Spoľahlivosť input-output multiplikátorov v databáze Wiod  |c Michal Habrman 
520 |a V roku 2012 bola sprístupnená databáza svetových input-output tabuliek (WIOD) pokrývajúca 28 ekonomík Európskej únie, ďalších 13 veľkých svetových ekonomík a zvyšok sveta. Databáza pokrýva roky 1995 až 2009. Dôveryhodnosť databázy. Príspevok overuje predovšetkým spoľahlivosť tabuliek pre roky 2010 a 2011 v prípade Slovenska. 
610 2 0 |a analýza ekonomická 
610 2 0 |a input-output 
610 2 0 |a multiplikátor 
610 2 0 |a hodnota pridaná 
610 2 0 |a dopyt 
610 2 0 |a produkt domáci hrubý 
610 2 0 |a spotreba konečná 
100 1 |a Habrman, Michal